| 000 -LEADER |
| fixed length control field |
01210nam a22003017a 4500 |
| 008 - FIXED-LENGTH DATA ELEMENTS--GENERAL INFORMATION |
| fixed length control field |
250530b xxu||||| |||| 00| 0 eng d |
| 040 ## - CATALOGING SOURCE |
| Transcribing agency |
Cagayan State University |
| 082 ## - DEWEY DECIMAL CLASSIFICATION NUMBER |
| Edition number |
791.4372 |
| Classification number |
L349 |
| 245 ## - TITLE STATEMENT |
| Title |
The last duel / directed by Ridley Scott ; written by Nicole Holofcener, Ben Affleck and Matt Damon ; produced by Kevin J. Walsh [and 5 others]. |
| 260 ## - PUBLICATION, DISTRIBUTION, ETC. (IMPRINT) |
| Place of publication, distribution, etc |
United Kingdom and United States : |
| Name of publisher, distributor, etc |
20th Century Studios, |
| Date of publication, distribution, etc |
2021. |
| 300 ## - PHYSICAL DESCRIPTION |
| Extent |
1 videofile, (ca. 153 mins.) : |
| Other physical details |
sound, color. |
| 520 ## - SUMMARY, ETC. |
| Summary, etc |
The Knight Jean de Carrouges must settle the dispute over his wife Marguerite by challenging his former friend to a duel to the death.
|
| 521 ## - TARGET AUDIENCE NOTE |
| Target audience note |
Rated R for strong violence including sexual assault, sexual content, some graphic nudity, and language. |
| 546 ## - LANGUAGE NOTE |
| Language note |
In English subtitle. |
| 650 ## - SUBJECT ADDED ENTRY--TOPICAL TERM |
| Topical term or geographic name as entry element |
Action Epic. |
| 650 ## - SUBJECT ADDED ENTRY--TOPICAL TERM |
| Topical term or geographic name as entry element |
Costume Drama. |
| 650 ## - SUBJECT ADDED ENTRY--TOPICAL TERM |
| Topical term or geographic name as entry element |
Epic. |
| 650 ## - SUBJECT ADDED ENTRY--TOPICAL TERM |
| Topical term or geographic name as entry element |
Drama. |
| 650 ## - SUBJECT ADDED ENTRY--TOPICAL TERM |
| Topical term or geographic name as entry element |
History. |
| 650 ## - SUBJECT ADDED ENTRY--TOPICAL TERM |
| Topical term or geographic name as entry element |
Thiller. |
| 700 ## - ADDED ENTRY--PERSONAL NAME |
| Personal name |
Damon, Matt, star. |
| 700 ## - ADDED ENTRY--PERSONAL NAME |
| Personal name |
Driver, Adam, star. |
| 700 ## - ADDED ENTRY--PERSONAL NAME |
| Personal name |
Comer, Godie, star. |
| 700 ## - ADDED ENTRY--PERSONAL NAME |
| Personal name |
Afflek, Ben, star. |
| 700 ## - ADDED ENTRY--PERSONAL NAME |
| Personal name |
Wolski, Dariusz, cinematographer. |
| 700 ## - ADDED ENTRY--PERSONAL NAME |
| Personal name |
Simpson, Claire, editor. |
| 942 ## - ADDED ENTRY ELEMENTS (KOHA) |
| Source of classification or shelving scheme |
|
| Item type |
Audio-Visual Materials |